00482cam a2200145 a 4500020003200000082001600032100002200048245004000070250001200110260003500122300003900157650002000196856006400216856005600280 a0072321075 (acidfree paper)00a537.622 NEA1 aNeamen, Donald A.10aSemiconductor physics and devices : a3rd ed. aBoston :bMcGraw-Hill,cc2003. axxiv, 746 p. :bill. (some col.) ; 0aSemiconductors.42uhttp://www.loc.gov/catdir/description/mh024/2002019681.html41uhttp://www.loc.gov/catdir/toc/mh023/2002019681.html